| 000 | 00595nam a2200181 a 4500 | ||
|---|---|---|---|
| 001 | 000039360 | ||
| 005 | 20201002031619.0 | ||
| 008 | 130625s2005 dr 000 0 spa d | ||
| 020 | _a9580484856 | ||
| 040 |
_aDO-SdBNP _bspa _cBNPHU |
||
| 100 | 1 |
_aBlanchard, Ken _965562 |
|
| 240 | 1 | 0 | _aThe secret |
| 245 | 1 | 3 |
_aEl secreto : _blo que los grandes líderes saben...! y hacen! / _cKen Blanchard, mark Miller; traducción Ángela García. |
| 260 |
_aBogota : _bEditorial Grupo Norma, _c2005. |
||
| 300 |
_a158 p. ; _c23 cm. |
||
| 700 | 1 |
_aMiller, Mark _965563 |
|
| 700 | 1 |
_aGarcía, Ángela _etr. _964646 |
|
| 999 |
_c38850 _d38850 |
||